| 000 | 01405cam a2200313Ia 4500 | ||
|---|---|---|---|
| 001 | whatdoyouknowult00onei | ||
| 003 | CaSfIA | ||
| 005 | 20210119121715.0 | ||
| 007 | cr|||| | ||
| 008 | 921026s1990 nyua 000 0 eng d | ||
| 040 |
_aXCX _cXCX _dOCLCG _dUPM _dOTP _dCaSfIA |
||
| 020 | _a0553348809 | ||
| 020 | _a9780553348804 | ||
| 035 | _a(OCoLC)26863052 | ||
| 050 | 0 | 0 |
_aLB3051 _b.O53 1990 |
| 082 | 0 | 0 |
_a371.2/6 _220 |
| 100 | 1 | _aO'Neill, Jaime. | |
| 245 | 1 | 0 |
_aWhat do you know? : _h[electronic resource] _bthe ultimate test of common (and not so common) knowledge / _cJaime O'Neill ; introduction by Mike Wallace. |
| 260 |
_aNew York : _bBantam Books, _cc1990. |
||
| 300 |
_axiv, 257 p. : _bill. ; _c23 cm. |
||
| 650 | 0 | _aEducational tests and measurements. | |
| 650 | 0 | _aQuestions and answers. | |
| 700 | 1 |
_aWallace, Mike, _d1918- |
|
| 856 | 4 | 1 |
_uhttp://www.archive.org/details/whatdoyouknowult00onei _zFree eBook from the Internet Archive |
| 856 | 4 | 2 |
_uhttp://www.openlibrary.org/books/OL2207151M _zAdditional information and access via Open Library |
| 942 | _cEB | ||
| 506 | _fНеобхідна авторизація на https://archive.org/ (створення облікового запису безкоштовно) | ||
| 506 | _fНеобхідна авторизація на https://openlibrary.org/ (створення облікового запису безкоштовно) | ||
| 999 |
_c564528 _d564528 |
||